00458nam a22001577a 4500003000900000008004100009040007100050082001800121100002000139245001300159260004300172300002500215505001100240650002200251650002700273AR-CdUCM190221b ||||| |||| 00| 0 spa d aMUNICIPALIDAD PROVINCIAL DEL CUSCOcBIBLIOTECA MUNICIPAL DEL CUSCO a868.6 /bG724 aGoytisolo, Luis aRecuento aEspaña :bSeix Barral, S.A. ,c1973. a375 páaginasc19cm aNovela aNovela española aLiteratura española